ប្រសិទ្ធិភាពនៃការជ្រលក់ឬសសំណាប (Record no. 210)

000 -LEADER
fixed length control field 00470nam a22001577a 4500
003 - CONTROL NUMBER IDENTIFIER
control field OSt
005 - DATE AND TIME OF LATEST TRANSACTION
control field 20150910112333.0
008 - FIXED-LENGTH DATA ELEMENTS--GENERAL INFORMATION
fixed length control field 150910b xxu||||| |||| 00| 0 eng d
040 ## - CATALOGING SOURCE
Transcribing agency RUA
082 ## - DEWEY DECIMAL CLASSIFICATION NUMBER
Classification number AGR ចាន់ 1995 B0013 Or.1
100 ## - MAIN ENTRY--PERSONAL NAME
9 (RLIN) 224
Personal name ចាន់ សុខា
245 ## - TITLE STATEMENT
Title ប្រសិទ្ធិភាពនៃការជ្រលក់ឬសសំណាប
260 ## - PUBLICATION, DISTRIBUTION, ETC. (IMPRINT)
Place of publication, distribution, etc. Phnom Penh
Name of publisher, distributor, etc. RUA
Date of publication, distribution, etc. 1995
300 ## - PHYSICAL DESCRIPTION
Extent 59p.
Other physical details ill.
Dimensions 29cm.
942 ## - ADDED ENTRY ELEMENTS (KOHA)
Source of classification or shelving scheme
Koha item type AGR
Holdings
Price effective from Date last seen Permanent Location Not for loan Date acquired Source of classification or shelving scheme Koha item type Lost status Withdrawn status Total Renewals Date last checked out Total Checkouts Shelving location Damaged status Barcode Current Location Full call number
2015-09-102016-08-09Library Block B 2015-09-10 AGR   2016-08-051B013 RUA003186Library Block BAGR ចាន់ 1995 B013 Or.1
2015-09-102015-09-10Library Block B 2015-09-10 AGR     B013 RUA003114Library Block BAGR ចាន់ 1995 B0013 Or.2
2015-09-102015-09-10Library Block B 2015-09-10 AGR     B013 RUA003895Library Block BAGR ចាន់ 1995 B013 Or.3
2015-09-102019-01-23Library Block B 2015-09-10 AGR  12018-12-061B013 RUA005213Library Block BAGR ចាន់ 1995 B013 Or.4
2015-09-102015-09-10Library Block B 2015-09-10 AGR     B013 RUA005141Library Block BAGR ចាន់ 1995 B013 Or.5
2015-09-102015-09-10Library Block B 2015-09-10 AGR     B013 RUA005069Library Block BAGR ចាន់ 1995 B013 Or.6
2015-09-102015-09-10Library Block B 2015-09-10 AGR     B013 RUA005283Library Block BAGR ចាន់ 1995 B013 Or.7
2015-09-102015-09-10Library Block B 2015-09-10 AGR     B013 RUA004456Library Block BAGR ចាន់ 1995 B013 Or.8
មជ្ឈមណ្ឌលឯការនៃសាកលវិទ្យាល័យភូមិន្ទកសិកម្មចំការដូង

Powered by Koha